000 00292cam a2200133ua 4500
041 _aeng
_h
082 _a828.09
_bLAW/DE
100 _aLawrence, D H .
245 _aDeep of life /
_cD H Lawrence.
_hTextual Documents
300 _a229 ; .
504 _a
942 _cBK
999 _c4914
_d4914